| 000 | 01112nam a2200289Ia 4500 | ||
|---|---|---|---|
| 999 |
_c5768 _d5768 |
||
| 003 | OSt | ||
| 005 | 20200612200549.0 | ||
| 008 | 191128s2005 sp gr 000 0dspa d | ||
| 020 | _a9788446020653 | ||
| 040 |
_aCO-JMCR _cCO-JMCR |
||
| 041 | 1 |
_aspa _heng |
|
| 082 | 0 | 4 |
_a330.126 / _bA412p _223 |
| 100 | 1 |
_aAlbert, Michael, _eautor _95562 |
|
| 245 | 1 | 0 |
_aParecon : vida después del capitalismo / _cMichael Albert ; traducción de Ana Varela Maetos |
| 260 |
_aMadrid : _bAkal, _c2005. |
||
| 300 |
_a366 páginas ; _c24 cm. |
||
| 490 | 0 |
_aCuestiones de antagonismo ; _v37 |
|
| 504 | _aBibliografía: páginas 365-366. | ||
| 505 | _aValores e instituciones -- La visión de la economía participativa -- La vida cotidiana en una economía participativa -- La crítica a la economía participativa | ||
| 534 | _pParecon. Life after capitalism | ||
| 546 | _aTraducido del inglés | ||
| 650 | 1 | 4 |
_aSistemas económicos comparados _95563 |
| 650 | 2 | 4 |
_aEconomía del bienestar _93975 |
| 650 | 2 | 4 |
_aCapitalismo Política económica _95564 |
| 700 | 1 |
_aVarela Maetos, Ana, _e traductora _95565 |
|
| 942 |
_2ddc _cBK |
||